000
00302nam a22001097a 4500
082
_a
669 MET'A
245
_a
METALLURGICAL PROCESS A SERIES OF CRITICAL REVIEWS
260
_a
LONDON
_b
IRON & STEEL
_c
1960
300
_a
80P
650
_a
IRON MAKING STEEMAKING SOLIDIFICATION OF STEEL
_9
58422
942
_c
BK
999
_c
568621
_d
568621